000 00652nam a2200229 i 4500
001 bg
100 1 _aGościński, Janusz.
245 1 0 _aPolityka gospodarcza kluczem do reformy rynkowej /
_cJanusz W. Gościński.
260 _aWarszawa :
_bPaństwowe Wydawnictwo Naukowe,
_c1990.
300 _a289, [3] s. :
_bil. ;
_c21 cm.
504 _aBibliogr. s. 286.
546 _aSpis treści ang., ros.
650 4 _aGospodarka
_xpolityka.
020 _a830109950X
040 _cBPK
041 0 _apol
_beng
_brus
044 _aPOL
080 _a330.342.17"19"
920 _a83-01-09950-X
942 _cKS
008 100831s1990 pl a |000 0 pol
999 _c49661
_d49661
856 _uhttp://koha.tu.koszalin.pl/cgi-bin/koha/opac-detail.pl?biblionumber=49661
_yKatalog online BPK